000 00660nam a2200277Ia 4500
005 20260324121802.0
008 008 260324s9999 xx 000 0 eng d
020 _a9780203552100
037 _aEBOOK
040 _aCRL
040 _beng
040 _cCRL
041 _2eng
041 _aeng
084 _qCRL
100 _aJames A. Warren
_91163867
245 0 _aGambling, the State and Society in Thailand, c.1800-1945
260 _bTaylor and Francis
260 _c2013
365 _a
365 _b265
856 _uhttp://www.taylorfrancis.com/books/9780203552100
942 _cEBOOK
999 _c1756173
_d1756173